Industrial systems : planning, analysis, control
Na minha lista:
| Autor principal: | |
|---|---|
| Formato: | Livro |
| Idioma: | English |
| Publicado em: |
New York, New York : Ronald Press,
c1973.
|
| Assuntos: | |
| Tags: |
Adicionar Tag
Sem tags, seja o primeiro a adicionar uma tag!
|
MARC
| LEADER | 00000nam a2200000Ia 4500 | ||
|---|---|---|---|
| 003 | 002450 | ||
| 005 | 20221231143934.0 | ||
| 008 | 140114s1973 nyua 000 ||eng d | ||
| 040 | |c cru CEDI | ||
| 082 | |a 658.4 B413i | ||
| 100 | |a Bedworth, David D |9 21542 | ||
| 245 | |a Industrial systems : planning, analysis, control | ||
| 260 | |a New York, New York : Ronald Press, |c c1973. | ||
| 300 | |a x, 504 páginas : ilustraciones ; 24 cm | ||
| 650 | |x ADMINISTRACION INDUSTRIAL |9 21543 | ||
| 942 | |2 ddc |c BK | ||
| 999 | |c 14527 |d 14527 | ||
